000 005990000a22001810004500
090 _aAR
_b02197
245 1 0 _aPrimer registro de Molossops brachymeles (<Chiroptera: Molossidae>) para Colombia
650 1 4 _aMurciélagos
_92659
650 1 4 _aNuevos registros
_994719
650 1 4 _aDistribución geográfica
_992997
651 4 _dValle del Cauca
_pColombia
_992749
653 _gMolossops
_eMolossops brachymeles
041 0 _aEspañol
700 1 _aNaranjo Henao, Luis Germán
_93891
100 1 _aAlberico, Michael
_96446
942 _cARTICULO
773 1 _tCespedesia
_3124
_h41-42
_q141-143
_d1982
_g11
999 _c11269
_d11269